The talent management (Record no. 1434815)
[ view plain ]
| 000 -LEADER | |
|---|---|
| fixed length control field | 00371nam a22001577a 4500 |
| 003 - CONTROL NUMBER IDENTIFIER | |
| control field | OSt |
| 005 - DATE AND TIME OF LATEST TRANSACTION | |
| control field | 20250820163221.0 |
| 008 - FIXED-LENGTH DATA ELEMENTS--GENERAL INFORMATION | |
| fixed length control field | 250820b |||||||| |||| 00| 0 eng d |
| 020 ## - INTERNATIONAL STANDARD BOOK NUMBER | |
| International Standard Book Number | 9781847940728 |
| 040 ## - CATALOGING SOURCE | |
| Transcribing agency | c.c |
| 100 ## - MAIN ENTRY--PERSONAL NAME | |
| Personal name | Conaty bill |
| 9 (RLIN) | 818259 |
| 245 ## - TITLE STATEMENT | |
| Title | The talent management |
| 546 ## - LANGUAGE NOTE | |
| Language note | english |
| 700 ## - ADDED ENTRY--PERSONAL NAME | |
| Personal name | Ram charan |
| 9 (RLIN) | 288561 |
| 942 ## - ADDED ENTRY ELEMENTS (KOHA) | |
| Source of classification or shelving scheme | Colon Classification (CC) |
| Koha item type | General Books |
| Call number prefix | X:8 |
| Suppress in OPAC | No |
| Withdrawn status | Lost status | Source of classification or shelving scheme | Damaged status | Not for loan | Home library | Current library | Date acquired | Source of acquisition | Total Checkouts | Full call number | Date last seen | Price effective from | Koha item type |
|---|---|---|---|---|---|---|---|---|---|---|---|---|---|
| Colon Classification (CC) | Faculty of Management Library | Faculty of Management Library | 2025-08-20 | ML1490500 | X:8 Q1 | 2025-08-20 | 2025-08-20 | General Books |
